| 000 | 01875nam a22003617a 4500 | ||
|---|---|---|---|
| 005 | 20220316235146.0 | ||
| 008 | 140609b2007 sp a|| g||| 00| 0 1pspa | ||
| 020 | _a9789588846125 | ||
| 100 | 1 |
_aGílmore, Rachna _d1953- |
|
| 245 | 1 | 0 |
_aCuando-yo-tenía-tu-edad _cRachna Gílmore ; ilustraciones Renné Benoit ; traducción Éloide Bourgeois y Teresa Farran |
| 250 | _aEdición especial para el Ministerio de Cultura | ||
| 300 |
_a[23] páginas sin enumerar _bilustraciones a color _c24 cm |
||
| 490 | _aLeer es mi cuento | ||
| 520 | _aCuando tenía tu edad, ¡nunca chapoteaba en los charcos, dice mamá. Si te suena esta frase, entenderás perfectamente a la pobre Elisabet. Haga lo que haga nunca estará a la altura de este fantasma perfecto y pretencioso llamado Cuando-yo-tenia-tu-edad. Elisabet es demasiado desordenada, demasiado quisquillosa, en resumen, ¡demasiado real para competir con esta niña perfecta! | ||
| 521 | _aRecomendado para niños de 6 a 8 años | ||
| 534 | _tWhen-I-was-a-little-girl | ||
| 650 | 1 | 4 |
_2LEMB _aCuentos infantiles indues _ySiglo XX |
| 650 | 1 | 4 |
_2LEMB _aLiteratura infantil hindu _ySiglo XX |
| 650 | 1 | 4 |
_2LEMB _aMadres e hijas en la literatura |
| 650 | 1 | 4 |
_2LEMB _aRecuerdos en la literatura |
| 650 | 1 | 4 |
_2LEMB _aNiños en la literatura |
| 700 | 1 |
_aBenoit, Renné _eilustrador _988204 |
|
| 700 | 1 |
_aBourgeois Bertín, Elodie _etraductor _988205 |
|
| 700 | 1 |
_aFarran, Teresa _etraductor _985706 |
|
| 830 | _aColección para la Primera Infancia del Ministerio de Cultura, Plan Nacional de Lectura y Escritura Leer es mi cuento, Primera Infancia 2013 | ||
| 942 |
_2loc _cBKINF |
||
| 264 |
_aBarcelona _aBogotá _bJuventud S.A. _bPanamericana _c2007 |
||
| 336 |
_atexto _btxt _2rdacontent |
||
| 337 |
_asin mediación _bn _2rdamedia |
||
| 338 |
_avolumen _bnc _2rdacarrier |
||
| 040 |
_aCO-BoRNBP _bspa _erda _cCO-BoRNBP |
||
| 084 | _aC GIL2 | ||
| 999 |
_c77 _d77 |
||